00403 2200157 4500001002100000005001500021035002000036245005500056100002000111300002700131260003100158082000800189084001400197020002200211990001200233INLIS00000000000267120250903094056 a0010-09250000181 aParasitologi :bMengenal Cacing /cHebert Adrianto0 aHebert Adrianto a58 hlm ;c14,5 x 21 cm aJakarta :bErlangga,c2023 a574 a574 HEB p a978-623-266-929-1 a0755351